|
|
|
|
| LEADER |
00800nab a2200217 i 4500 |
| 001 |
publ5747 |
| 005 |
20220916152356.0 |
| 008 |
151027s2011 hu o 0|| zxx d |
| 022 |
|
|
|a 0324-721X
|
| 024 |
7 |
|
|a 10.14232/actacyb.20.1.2011.3
|2 doi
|
| 024 |
7 |
|
|a 1709969
|2 mtmt
|
| 040 |
|
|
|a SZTE Publicatio Repozitórium
|b hun
|
| 041 |
|
|
|a zxx
|
| 100 |
1 |
|
|a Bartók Tamás
|
| 245 |
1 |
0 |
|a Pickup and Delivery Vehicle Routing with Multidimensional Loading Constraints
|h [elektronikus dokumentum] /
|c Bartók Tamás
|
| 260 |
|
|
|a Szegedi Tudományegyetem
|c 2011
|
| 300 |
|
|
|a 17-33
|
| 490 |
0 |
|
|a Acta Cybernetica (Szeged)
|v 20 No. 1
|
| 650 |
|
4 |
|a Számítás- és információtudomány
|
| 700 |
0 |
1 |
|a Imreh Csanád
|e aut
|
| 856 |
4 |
0 |
|u http://publicatio.bibl.u-szeged.hu/5747/1/Bartok_2011_ActaCybernetica.pdf
|z Dokumentum-elérés
|